[Event "Titled Tuesday intern op 02nd Apr Early"]
[Site "Chess.com INT"]
[Date "2024.04.02"]
[Round "7"]
[White "Andrews, Todd D"]
[Black "Iljin, Timofey"]
[Result "0-1"]
[WhiteElo "2160"]
[BlackElo "2283"]
[PlyCount "88"]
[EventDate "2024.04.02"]
[EventType "swiss (blitz)"]
[EventRounds "11"]
[EventCountry "USA"]
[SourceTitle "CB15_2024"]
[SourceDate "2024.04.10"]
[SourceVersion "1"]
[SourceVersionDate "2024.04.10"]
[SourceQuality "1"]

1. d4 Nf6 2. c4 g6 3. Nc3 Bg7 4. e4 d6 5. Nf3 0-0 6. Be2 e5 7. 0-0 Nc6 8. d5 Nd4 9. b4 a5 10. Ba3 Nh5 11. g3 f5 12. bxa5 fxe4 13. Nxe4 Nxe2+ 14. Qxe2 Bg4 15. Ned2 Qf6 16. Rab1 Bxf3 17. Nxf3 Qxf3 18. Qxf3 Rxf3 19. Bb4 Nf6 20. Kg2 Rf5 21. Bd2 Ne4 22. Be1 b6 23. axb6 cxb6 24. Rxb6 Rxa2 25. Rb8+ Rf8 26. Rxf8+ Bxf8 27. Kf3 Nd2+ 28. Bxd2 Rxd2 29. Ke3 Rc2 30. Kd3 Ra2 31. f4 exf4 32. Rxf4 Rxh2 33. Rf6 Kg7 34. Re6 Kf7 35. Ke3 Rc2 36. Kd3 Rg2 37. Re3 h5 38. Rf3+ Ke7 39. Re3+ Kd7 40. Ke4 g5 41. Kf5 h4 42. gxh4 gxh4 43. Rh3 Be7 44. Kf4 Rc2 0-1

[Event "Titled Tuesday intern op 02nd Apr Late"]
[Site "Chess.com INT"]
[Date "2024.04.02"]
[Round "2"]
[White "Coe, William R"]
[Black "Andrews, Todd D"]
[Result "0-1"]
[WhiteElo "2078"]
[BlackElo "2160"]
[PlyCount "50"]
[EventDate "2024.04.02"]
[EventType "swiss (blitz)"]
[EventRounds "11"]
[EventCountry "USA"]
[SourceTitle "CB15_2024"]
[SourceDate "2024.04.10"]
[SourceVersion "1"]
[SourceVersionDate "2024.04.10"]
[SourceQuality "1"]

1. e4 e6 2. d4 d5 3. Nd2 Nc6 4. c3 e5 5. exd5 Qxd5 6. dxe5 Bf5 7. Ngf3 0-0-0 8. Bc4 Qd7 9. 0-0 Bc5 10. Qe2 Kb8 11. Ne4 Bb6 12. Bg5 Re8 13. Ng3 Bg6 14. Rad1 Qg4 15. Be3 f6 16. Bxb6 axb6 17. h3 Qf4 18. Qd2 Qxc4 19. b3 Qe6 20. exf6 Nxf6 21. Rfe1 Qc8 22. Nd4 Nxd4 23. Qxd4 Rxe1+ 24. Rxe1 Rd8 25. Qe5 Re8 0-1

[Event "Titled Tuesday intern op 27th Feb Late"]
[Site "Chess.com INT"]
[Date "2024.02.27"]
[Round "2"]
[White "Girel, Joseph"]
[Black "Andrews, Todd D"]
[Result "1-0"]
[WhiteElo "2484"]
[BlackElo "2135"]
[PlyCount "65"]
[EventDate "2024.02.27"]
[EventType "swiss (blitz)"]
[EventRounds "11"]
[EventCountry "USA"]
[SourceTitle "CB10_2024"]
[SourceDate "2024.03.06"]
[SourceVersion "1"]
[SourceVersionDate "2024.03.06"]
[SourceQuality "1"]

1. e4 e6 2. d4 d5 3. Nd2 Nc6 4. Ngf3 Nf6 5. e5 Nd7 6. Bd3 f6 7. Ng5 Ndxe5 8. dxe5 Nxe5 9. Ngf3 Nxd3+ 10. cxd3 Bd6 11. 0-0 0-0 12. d4 c5 13. dxc5 Bxc5 14. Nb3 Bd6 15. Be3 b6 16. Rc1 Bb7 17. Nbd4 e5 18. Ne6 Qe7 19. Nxf8 Rxf8 20. Qb3 Kh8 21. Rfe1 Qf7 22. Red1 e4 23. Nd4 f5 24. Nb5 Bb8 25. Bd4 f4 26. Qh3 a6 27. Nc3 Bc8 28. Qh4 Bd6 29. Nxd5 f3 30. g3 Kg8 31. Qxe4 Qh5 32. Ne7+ Bxe7 33. Qxe7 1-0

[Event "Titled Tuesday intern op 13th Feb Late"]
[Site "Chess.com INT"]
[Date "2024.02.13"]
[Round "8"]
[White "Ballester Llagaria, Luis Eduardo"]
[Black "Andrews, Todd D"]
[Result "1-0"]
[WhiteElo "2298"]
[BlackElo "2135"]
[PlyCount "85"]
[EventDate "2024.02.13"]
[EventType "swiss (blitz)"]
[EventRounds "11"]
[EventCountry "USA"]
[SourceTitle "CB08_2024"]
[SourceDate "2024.02.21"]
[SourceVersion "1"]
[SourceVersionDate "2024.02.21"]
[SourceQuality "1"]

1. e4 e6 2. Nc3 d5 3. d4 Bb4 4. exd5 exd5 5. Bd3 Nc6 6. Nge2 Nge7 7. 0-0 Bg4 8. f3 Bf5 9. a3 Bxc3 10. bxc3 Qd7 11. Bf4 f6 12. Rb1 b6 13. c4 Bxd3 14. Qxd3 0-0 15. Rfe1 Kh8 16. c3 Rfe8 17. Bg3 Nf5 18. Nf4 dxc4 19. Qxc4 Na5 20. Qd3 Nd6 21. d5 Nac4 22. Ne6 Nxa3 23. Ra1 Nac4 24. Re2 a5 25. Rae1 a4 26. h4 a3 27. Ra2 b5 28. Kh2 Qf7 29. Rb1 c6 30. Nf4 cxd5 31. Nxd5 Ne5 32. Bxe5 Rxe5 33. Rd2 Nc4 34. Rdd1 a2 35. Rxb5 Nd6 36. Rb6 Nc8 37. Ra6 Rxa6 38. Qxa6 Ne7 39. Qa8+ Ng8 40. Qxa2 Qh5 41. Rd4 Rxd5 42. Qxd5 Qxh4+ 43. Rxh4 1-0

[Event "Titled Tuesday intern op 13th Feb Late"]
[Site "Chess.com INT"]
[Date "2024.02.13"]
[Round "4"]
[White "Nihal, Sarin"]
[Black "Andrews, Todd D"]
[Result "1-0"]
[WhiteElo "2693"]
[BlackElo "2135"]
[PlyCount "73"]
[EventDate "2024.02.13"]
[EventType "swiss (blitz)"]
[EventRounds "11"]
[EventCountry "USA"]
[SourceTitle "CB08_2024"]
[SourceDate "2024.02.21"]
[SourceVersion "1"]
[SourceVersionDate "2024.02.21"]
[SourceQuality "1"]

1. c4 e5 2. g3 Nc6 3. Bg2 f5 4. Nc3 Nf6 5. d3 Bb4 6. Bd2 0-0 7. Rc1 d6 8. a3 Bxc3 9. Bxc3 f4 10. Nf3 Bg4 11. 0-0 Qd7 12. Re1 Bh3 13. Bh1 Rae8 14. c5 d5 15. b4 a6 16. a4 e4 17. dxe4 Nxe4 18. b5 axb5 19. axb5 Ne7 20. c6 bxc6 21. bxc6 Qf5 22. Qd4 Qg6 23. Nh4 Qg5 24. Nf3 Qg6 25. Ne5 Qg5 26. Bxe4 dxe4 27. Qc4+ Kh8 28. Nf7+ Rxf7 29. Qxf7 Rg8 30. Qxf4 Qg6 31. Qxc7 Nd5 32. Qe5 Nf6 33. c7 e3 34. f3 Qf7 35. Bd4 Ng4 36. Qxg7+ Qxg7 37. Bxg7+ 1-0

[Event "Montevideo Duchamp Cup 7th"]
[Site "Montevideo"]
[Date "2024.02.05"]
[Round "5"]
[White "Andrews, Todd D"]
[Black "Araque, Jairo"]
[Result "1-0"]
[WhiteElo "2135"]
[BlackElo "1925"]
[PlyCount "65"]
[EventDate "2024.02.01"]
[EventType "swiss"]
[EventRounds "9"]
[EventCountry "URU"]
[SourceTitle "CB07_2024"]
[SourceDate "2024.02.14"]
[SourceVersion "1"]
[SourceVersionDate "2024.02.14"]
[SourceQuality "1"]

1. e4 e6 2. d4 d5 3. e5 c5 4. c3 Nc6 5. Nf3 Bd7 6. Bd3 cxd4 7. 0-0 Qb6 8. Re1 Nh6 9. Nbd2 dxc3 10. bxc3 Ng4 11. Re2 Bc5 12. Qe1 Nxf2 13. Rxf2 Bxf2+ 14. Qxf2 Qxf2+ 15. Kxf2 f6 16. exf6 gxf6 17. c4 Ne5 18. Nxe5 fxe5 19. Bb2 Rf8+ 20. Ke3 e4 21. Be2 Bc6 22. Bg4 Bd7 23. Rd1 Rg8 24. h3 b5 25. cxd5 exd5 26. Nxe4 Bxg4 27. Nf6+ Kf7 28. Nxg4 Rge8+ 29. Kd3 Re6 30. Rf1+ Kg6 31. Ne5+ Kh6 32. Rf7 Rae8 33. Bc1+ 1-0

[Event "Montevideo Duchamp Cup 7th"]
[Site "Montevideo"]
[Date "2024.02.03"]
[Round "3"]
[White "Andrews, Todd D"]
[Black "Garcia Palermo, Carlos H"]
[Result "1-0"]
[WhiteElo "2135"]
[BlackElo "2403"]
[PlyCount "41"]
[EventDate "2024.02.01"]
[EventType "swiss"]
[EventRounds "9"]
[EventCountry "URU"]
[SourceTitle "CB07_2024"]
[SourceDate "2024.02.14"]
[SourceVersion "1"]
[SourceVersionDate "2024.02.14"]
[SourceQuality "1"]

1. d4 e6 2. e4 d5 3. e5 Bd7 4. c3 a6 5. Bd3 Bb5 6. Bc2 c5 7. a4 Bd7 8. Nd2 Nc6 9. Ne2 cxd4 10. cxd4 Nb4 11. Bb1 b5 12. a5 Ne7 13. 0-0 Nf5 14. Nb3 Rc8 15. Bd2 Be7 16. Nf4 g6 17. Bxf5 gxf5 18. Nh5 Rc4 19. Ng7+ Kf8 20. Bh6 Kg8 21. Nh5 1-0

[Event "Titled Tuesday intern op 23rd Jan Late"]
[Site "Chess.com INT"]
[Date "2024.01.23"]
[Round "11"]
[White "Bonin, Jay R"]
[Black "Andrews, Todd D"]
[Result "0-1"]
[WhiteElo "2166"]
[BlackElo "2133"]
[PlyCount "112"]
[EventDate "2024.01.23"]
[EventType "swiss (blitz)"]
[EventRounds "11"]
[EventCountry "USA"]
[SourceTitle "CB05_2024"]
[SourceDate "2024.01.31"]
[SourceVersion "1"]
[SourceVersionDate "2024.01.31"]
[SourceQuality "1"]

1. b3 e5 2. Bb2 Nc6 3. e3 Bd6 4. Na3 a6 5. Nc4 Qe7 6. Nxd6+ Qxd6 7. Ne2 Nf6 8. d4 e4 9. Ng3 0-0 10. d5 Ne5 11. Qd4 Re8 12. Nxe4 Nxe4 13. Qxe4 b5 14. f4 Qg6 15. Qxg6 Nxg6 16. Kf2 Bb7 17. Rd1 c6 18. c4 bxc4 19. Bxc4 cxd5 20. Bxd5 Bxd5 21. Rxd5 Rac8 22. Rhd1 Rc2+ 23. R1d2 Rec8 24. Rxd7 f6 25. a4 Rxd2+ 26. Rxd2 Rb8 27. Rd3 Kf7 28. Ba3 Nh4 29. e4 Rc8 30. Rd2 Rc3 31. Rb2 f5 32. g3 Nf3 33. exf5 Nd4 34. Bd6 Nxf5 35. Be5 Rd3 36. b4 Ne3 37. Ke2 Ra3 38. b5 Nc4 39. Rc2 Rxa4 40. bxa6 Nxe5 41. fxe5 Rxa6 42. Rc7+ Kg6 43. Kf3 Ra2 44. h4 h5 45. Rc6+ Kf7 46. Rc7+ Kg6 47. Rc6+ Kf5 48. Rc7 Ra3+ 49. Kg2 g6 50. Rg7 Re3 51. Re7 Kg4 52. Kf2 Re4 53. e6 Kf5 54. Re8 Kf6 55. e7 Kf7 56. Rf8+ Kxe7 0-1

[Event "Titled Tuesday intern op 16th Jan Late"]
[Site "Chess.com INT"]
[Date "2024.01.16"]
[Round "7"]
[White "Andrews, Todd D"]
[Black "Kanyamarala, Trisha"]
[Result "0-1"]
[WhiteElo "2133"]
[BlackElo "2201"]
[PlyCount "72"]
[EventDate "2024.01.16"]
[EventType "swiss (blitz)"]
[EventRounds "11"]
[EventCountry "USA"]
[SourceTitle "CB04_2024"]
[SourceDate "2023.10.16"]
[SourceVersion "1"]
[SourceVersionDate "2023.10.16"]
[SourceQuality "1"]

1. e4 c5 2. Nf3 Nc6 3. d3 g6 4. g3 Bg7 5. Bg2 Nf6 6. 0-0 0-0 7. Re1 d6 8. c3 Bd7 9. h3 Rc8 10. d4 cxd4 11. cxd4 Na5 12. Nc3 Nc4 13. b3 Qa5 14. Qd3 Na3 15. Bb2 Nb5 16. Ne2 d5 17. exd5 Bf5 18. Qd2 Qxd2 19. Nxd2 Rc2 20. Nc4 Bd3 21. Nf4 Bxc4 22. bxc4 Rxb2 23. cxb5 Rxb5 24. Rxe7 Bh6 25. d6 Bxf4 26. gxf4 Rd8 27. Bxb7 Rxd6 28. a4 Rb4 29. d5 Kf8 30. Rc7 Ne8 31. Rc8 Rxb7 32. Re1 Re7 33. Rd1 Kg7 34. f5 Nf6 35. fxg6 hxg6 36. Rc5 Red7 0-1

[Event "Titled Tuesday intern op 16th Jan Late"]
[Site "Chess.com INT"]
[Date "2024.01.16"]
[Round "4"]
[White "Andrews, Todd D"]
[Black "Martinez Reyes, Pedro Ramon"]
[Result "1-0"]
[WhiteElo "2133"]
[BlackElo "2342"]
[PlyCount "133"]
[EventDate "2024.01.16"]
[EventType "swiss (blitz)"]
[EventRounds "11"]
[EventCountry "USA"]
[SourceTitle "CB04_2024"]
[SourceDate "2023.10.16"]
[SourceVersion "1"]
[SourceVersionDate "2023.10.16"]
[SourceQuality "1"]

1. d4 Nf6 2. c4 d5 3. cxd5 c6 4. dxc6 Nxc6 5. Nf3 e5 6. e3 Bg4 7. Be2 Bb4+ 8. Nc3 exd4 9. Nxd4 Bxe2 10. Qxe2 Bxc3+ 11. bxc3 0-0 12. 0-0 Rc8 13. Rd1 Qa5 14. Nb3 Qc7 15. c4 Ne5 16. Bb2 Nxc4 17. Bxf6 gxf6 18. Qg4+ Kh8 19. Rd7 Qe5 20. Rad1 b5 21. h3 a6 22. R7d5 Qe6 23. Qh4 Rg8 24. Rh5 Rg7 25. Nd4 Qd6 26. Rc1 Rcg8 27. Kh1 Qa3 28. Rg1 Ne5 29. Nf5 Ng6 30. Qxf6 Qf8 31. Qg5 f6 32. Qh6 Rf7 33. Qxf8 Rgxf8 34. Rd1 Ne5 35. Rd6 Nc4 36. Rxa6 Rd8 37. Kh2 Rfd7 38. Nh6 Kg7 39. Ng4 Kg6 40. Rh6+ Kg7 41. Raxf6 Rf7 42. Rxf7+ Kxf7 43. Rxh7+ Ke6 44. Rb7 Rd5 45. Rb6+ Nxb6 46. e4 Rc5 47. f4 Nc4 48. f5+ Ke7 49. f6+ Kf7 50. e5 Nxe5 51. Ne3 Nc4 52. Ng4 Rf5 53. Kg3 Ne5 54. Nh6+ Kg6 55. Nxf5 Kxf6 56. Ne3 b4 57. Kf4 Nd3+ 58. Ke4 Nc1 59. Nd5+ Kg5 60. Nxb4 Kh4 61. a4 Nb3 62. Kf3 Nd4+ 63. Kf2 Nb3 64. Nc6 Kg5 65. a5 Nc5 66. Nb4 Nd3+ 67. Nxd3 1-0

[Event "Titled Tuesday intern op 16th Jan Late"]
[Site "Chess.com INT"]
[Date "2024.01.16"]
[Round "1"]
[White "Andrews, Todd D"]
[Black "Mekhitarian, Krikor Sevag"]
[Result "1/2-1/2"]
[WhiteElo "2133"]
[BlackElo "2554"]
[PlyCount "98"]
[EventDate "2024.01.16"]
[EventType "swiss (blitz)"]
[EventRounds "11"]
[EventCountry "USA"]
[SourceTitle "CB04_2024"]
[SourceDate "2023.10.16"]
[SourceVersion "1"]
[SourceVersionDate "2023.10.16"]
[SourceQuality "1"]

1. d4 Nf6 2. c4 g6 3. Nc3 d5 4. Bf4 Bg7 5. Rc1 dxc4 6. e3 Be6 7. Nf3 0-0 8. Ng5 Bd5 9. e4 h6 10. exd5 hxg5 11. Bxg5 Nxd5 12. Bxc4 Nb6 13. Bb3 Nc6 14. d5 Nd4 15. 0-0 Re8 16. Re1 Qd7 17. h4 Rad8 18. h5 gxh5 19. Qxh5 Qf5 20. Qh4 Rd6 21. Ne4 Rg6 22. f4 Nxb3 23. axb3 f6 24. Ng3 fxg5 25. Qh5 Qf7 26. f5 Rh6 27. Qxg5 Nxd5 28. Rcd1 c6 29. Re4 Qf6 30. Qg4 Qf7 31. Rde1 Nf6 32. Qf3 Nxe4 33. Nxe4 Bf6 34. g4 Bd4+ 35. Kg2 Qh7 36. Qg3 Qg7 37. g5 Rh8 38. f6 Qg6 39. Qg4 e6 40. Rf1 Rf8 41. Nd6 e5 42. f7+ Rxf7 43. Nxf7 Qc2+ 44. Kf3 Qd3+ 45. Kg2 Qd2+ 46. Kf3 Qe3+ 47. Kg2 Qd2+ 48. Kf3 Qd3+ 49. Kg2 Qd2+ 1/2-1/2

[Event "Titled Tuesday intern op 16th Jan Early"]
[Site "Chess.com INT"]
[Date "2024.01.16"]
[Round "5"]
[White "Andrews, Todd D"]
[Black "Nguyen, Hong Nhung"]
[Result "0-1"]
[WhiteElo "2133"]
[BlackElo "2063"]
[PlyCount "154"]
[EventDate "2024.01.16"]
[EventType "swiss (blitz)"]
[EventRounds "11"]
[EventCountry "USA"]
[SourceTitle "CB04_2024"]
[SourceDate "2023.10.16"]
[SourceVersion "1"]
[SourceVersionDate "2023.10.16"]
[SourceQuality "1"]

1. d4 f5 2. g3 Nf6 3. Bg2 g6 4. Nh3 Bg7 5. Nf4 0-0 6. h4 e6 7. h5 g5 8. h6 Bh8 9. Nh3 g4 10. Nf4 Nc6 11. c4 Qe7 12. Nc3 d6 13. e4 e5 14. Nfd5 Qf7 15. dxe5 Nxe5 16. Qd2 c6 17. Qg5+ Ng6 18. exf5 cxd5 19. Nxd5 Re8+ 20. Be3 Kf8 21. fxg6 Qxg6 22. Qxg6 hxg6 23. Nc7 Bf5 24. Nxa8 Rxa8 25. 0-0-0 Rd8 26. Bd4 Rc8 27. b3 b5 28. h7 Kf7 29. Bd5+ Ke7 30. Rde1+ Kd7 31. Kb2 bxc4 32. bxc4 Rb8+ 33. Kc3 Nxd5+ 34. cxd5 Rc8+ 35. Kb4 Bxd4 36. Rc1 Rb8+ 37. Ka5 Bb6+ 38. Ka4 Bd4 39. Rc6 Be4 40. Rh6 Bxd5 41. Rc1 Bc6+ 42. Ka5 Rb5+ 43. Ka6 Rb6+ 44. Ka5 Rb5+ 45. Ka6 Rb8 46. Rxg6 Bb5+ 47. Ka5 Bb6+ 48. Kxb5 Be3+ 49. Ka6 Bxc1 50. Rg8 Rb6+ 51. Kxa7 Bb2 52. h8Q Bxh8 53. Rxh8 Rb2 54. Rf8 Rxa2+ 55. Kb6 Rc2 56. Kb5 Ke6 57. Rf4 Ke5 58. Kb4 d5 59. Kb3 Rc1 60. Kb2 Rc4 61. Rf8 Ke4 62. Rg8 Kf3 63. Rf8+ Ke2 64. Rf5 d4 65. Rf4 Rb4+ 66. Kc2 d3+ 67. Kc3 Rxf4 68. gxf4 d2 69. Kd4 d1Q+ 70. Ke5 Kxf2 71. f5 g3 72. f6 Qf3 73. f7 g2 74. Ke6 g1Q 75. Ke7 Qe1+ 76. Kf8 Qe6 77. Kg7 Qfxf7+ 0-1

[Event "Titled Tuesday intern op 16th Jan Late"]
[Site "Chess.com INT"]
[Date "2024.01.16"]
[Round "8"]
[White "Bolanos Lopez, Juan Jacobo"]
[Black "Andrews, Todd D"]
[Result "1-0"]
[WhiteElo "2039"]
[BlackElo "2133"]
[PlyCount "25"]
[EventDate "2024.01.16"]
[EventType "swiss (blitz)"]
[EventRounds "11"]
[EventCountry "USA"]
[SourceTitle "CB04_2024"]
[SourceDate "2023.10.16"]
[SourceVersion "1"]
[SourceVersionDate "2023.10.16"]
[SourceQuality "1"]

1. e4 e6 2. d4 d5 3. Bd3 dxe4 4. Bxe4 Nf6 5. Bf3 Nbd7 6. Ne2 Bd6 7. 0-0 e5 8. Ng3 exd4 9. Re1+ Kf8 10. Qxd4 h6 11. Nf5 Bc5 12. Qh4 g5 13. Bxg5 1-0

[Event "Titled Tuesday intern op 16th Jan Early"]
[Site "Chess.com INT"]
[Date "2024.01.16"]
[Round "4"]
[White "Domalchuk Jonasson, Aleksandr"]
[Black "Andrews, Todd D"]
[Result "1-0"]
[WhiteElo "2362"]
[BlackElo "2133"]
[PlyCount "75"]
[EventDate "2024.01.16"]
[EventType "swiss (blitz)"]
[EventRounds "11"]
[EventCountry "USA"]
[SourceTitle "CB04_2024"]
[SourceDate "2023.10.16"]
[SourceVersion "1"]
[SourceVersionDate "2023.10.16"]
[SourceQuality "1"]

1. f4 d5 2. Nf3 g6 3. e3 Bg7 4. d4 Nh6 5. c3 Nf5 6. Bd3 Nd6 7. Nbd2 Nd7 8. 0-0 Nf6 9. Ne5 Bf5 10. Ndf3 Bxd3 11. Qxd3 0-0 12. Bd2 Nfe4 13. Be1 f6 14. Ng4 Qd7 15. Nf2 c6 16. Qc2 Kh8 17. Nxe4 Nxe4 18. Nd2 Nxd2 19. Qxd2 e5 20. Bg3 e4 21. f5 Bh6 22. Bf4 g5 23. Bg3 b5 24. a4 a6 25. Qe2 Bg7 26. h4 h6 27. Qh5 Kg8 28. Qg4 Qf7 29. Bd6 Rfd8 30. hxg5 hxg5 31. Bc5 Bf8 32. Bxf8 Kxf8 33. Kf2 Ke7 34. Rh1 Rh8 35. Qg3 Kd7 36. Rxh8 Rxh8 37. axb5 cxb5 38. Rxa6 1-0

[Event "New York 1000 GM Fall IM-B"]
[Site "New York"]
[Date "2023.11.12"]
[Round "8"]
[White "Andrews, Todd D"]
[Black "Lee, Megan Shuen Hui"]
[Result "0-1"]
[WhiteElo "2149"]
[BlackElo "2234"]
[PlyCount "72"]
[EventDate "2023.11.08"]
[EventType "tourn"]
[EventRounds "9"]
[EventCountry "USA"]
[SourceTitle "CB46_2023"]
[SourceDate "2023.11.15"]
[SourceVersion "1"]
[SourceVersionDate "2023.11.15"]
[SourceQuality "1"]

1. e4 e5 2. d4 exd4 3. Qxd4 Nc6 4. Qe3 Nf6 5. Bd2 Be7 6. c4 0-0 7. Nc3 Bb4 8. 0-0-0 Re8 9. f3 d6 10. Nge2 Bc5 11. Qg5 Ne5 12. Nf4 c6 13. Qg3 a6 14. Kb1 b5 15. h4 bxc4 16. h5 Kf8 17. h6 g6 18. Na4 Bd4 19. Ne2 c5 20. Nxd4 cxd4 21. Bg5 d3 22. Nc3 Bb7 23. Qh4 Ned7 24. e5 Rxe5 25. f4 Rc5 26. Rh2 d5 27. f5 d4 28. fxg6 dxc3 29. gxh7 c2+ 30. Kc1 cxd1Q+ 31. Kxd1 Ke7 32. Rh3 Re5 33. Rg3 Qb6 34. Bxf6+ Qxf6 35. Qxf6+ Nxf6 36. Rg8 Nxh7 0-1